Obras completas

La Dirección General de Publicaciones de la UNAM ha editado las Obras Completas del gran maestro universitario Antonio Caso en trece volúmenes. En este, el primero, se recoge su espíritu polémico, su eterna lectura de la historia de las ideas que por problemática es activa y aumentativa. La historia...

Celý popis

Uloženo v:
Podrobná bibliografie
Hlavní autor: Caso, Antonio
Médium: Kniha
Jazyk:Undetermined
Vydáno: México, Distrito Federal [s.n.] 1971
Témata:
Tagy: Přidat tag
Žádné tagy, Buďte první, kdo vytvoří štítek k tomuto záznamu!

MARC

LEADER 00000nam a2200000Ia 4500
008 170316s9999 xx 000 0 und d
040 |a cru BVZT 
090 |a 100 C-15o 
100 |a Caso, Antonio  |9 2067 
245 |a Obras completas  |c / Antonio Caso 
260 |a México, Distrito Federal  |b [s.n.]  |c 1971 
300 |a 687 páginas Tomo I 
520 |a La Dirección General de Publicaciones de la UNAM ha editado las Obras Completas del gran maestro universitario Antonio Caso en trece volúmenes. En este, el primero, se recoge su espíritu polémico, su eterna lectura de la historia de las ideas que por problemática es activa y aumentativa. La historia de Xenopol, el porvenir de américa latina, el imperio maximiliano, la orientación ideológica de la Universidad de México y la de sus estudiantes, el Marxismo, la existencia de Dios y el neokantismo, entre otros, son los objetos de polémica que se reúnen en este volumen 
650 |a FILOSOFÍA  |9 5 
650 |a OBRAS COMPLETAS - ANTONIO CASO  |9 2068 
999 |c 15848  |d 15848 
942 |c 15 D  |h 100 C-15o  |2 z